[Event "Niedersachsen-ch U18"]
[Site "Rotenburg"]
[Date "2009.04.04"]
[Round "1"]
[White "Bierwirth, Keith"]
[Black "Kuberczyk, Christoph"]
[Result "0-1"]
[WhiteElo "1205"]
[BlackElo "1900"]
[PlyCount "94"]
[EventDate "2009.04.04"]
[EventType "swiss"]
[EventRounds "9"]
[EventCountry "GER"]
[SourceTitle "EXT 2010"]
[Source "ChessBase"]
[SourceDate "2010.11.25"]
[SourceVersion "1"]
[SourceVersionDate "2010.11.25"]
[SourceQuality "1"]

1. c4 c5 2. e4 Nc6 3. Nc3 g6 4. d3 Bg7 5. Bd2 e6 6. g3 Nge7 7. Bg2 b6 8. Rb1 Bb7 9. a3 Nd4 10. Nge2 Nxe2 11. Qxe2 Nc6 12. 0-0 Nd4 13. Qd1 0-0 14. b4 d6 15. h3 f5 16. Ne2 Qd7 17. Nxd4 Bxd4 18. Qe2 Rae8 19. b5 Qg7 20. Bf4 e5 21. Be3 f4 22. Bxd4 exd4 23. Kh2 Qe5 24. a4 Rf5 25. h4 d5 26. Qd2 dxe4 27. dxe4 Rf6 28. Qd3 Bxe4 29. Bxe4 Qxe4 30. Qxe4 Rxe4 31. Rbe1 fxg3+ 32. fxg3 Rfe6 33. Ra1 d3 34. Rfd1 Rd6 35. a5 d2 36. axb6 axb6 37. Ra2 Re2+ 38. Kh3 h5 39. Ra8+ Kg7 40. Ra7+ Kh6 41. Ra2 Rd7 42. Rb2 Kg7 43. Ra2 Kf6 44. Rb2 Ke5 45. Ra2 Ke4 46. Rb2 Ke3 47. Rb3+ Rd3 0-1